[Event "Zlin Region-chT 2223"]
[Site "Czech Republic"]
[Date "2023.04.02"]
[Round "11.2"]
[White "Vraj, Ondrej"]
[Black "Brazdil, Roman"]
[Result "1/2-1/2"]
[WhiteElo "1985"]
[BlackElo "2074"]
[PlyCount "22"]
[EventDate "2022.10.09"]
[EventType "team-tourn"]
[EventRounds "11"]
[EventCountry "CZE"]
[SourceTitle "EXT 2024"]
[Source "ChessBase"]
[SourceDate "2023.10.10"]
[SourceVersion "1"]
[SourceVersionDate "2023.10.10"]
[SourceQuality "1"]
[WhiteTeam "Usti Sokol"]
[BlackTeam "Postoupky Sokol"]
[WhiteTeamCountry "CZE"]
[BlackTeamCountry "CZE"]

1. e4 Nf6 2. e5 Nd5 3. c4 Nb6 4. d4 d6 5. exd6 cxd6 6. Nf3 g6 7. Be2 Bg7 8. 0-0 0-0 9. Be3 Nc6 10. Qd2 Bg4 11. Na3 e5 1/2-1/2

[Event "Zlin Region-chT 2223"]
[Site "Czech Republic"]
[Date "2023.02.12"]
[Round "8.2"]
[White "Brazdil, Roman"]
[Black "Stukner, Simon"]
[Result "1/2-1/2"]
[WhiteElo "2074"]
[BlackElo "2154"]
[PlyCount "45"]
[EventDate "2022.10.09"]
[EventType "team-tourn"]
[EventRounds "11"]
[EventCountry "CZE"]
[SourceTitle "EXT 2024"]
[Source "ChessBase"]
[SourceDate "2023.10.10"]
[SourceVersion "1"]
[SourceVersionDate "2023.10.10"]
[SourceQuality "1"]
[WhiteTeam "Postoupky Sokol"]
[BlackTeam "Valasska Bystrice Sokol"]
[WhiteTeamCountry "CZE"]
[BlackTeamCountry "CZE"]

1. e4 c5 2. Nf3 Nc6 3. d4 cxd4 4. Nxd4 g6 5. c4 Bg7 6. Be3 Nf6 7. Nc3 Ng4 8. Qxg4 Nxd4 9. Qd1 e5 10. Bd3 0-0 11. Qd2 d6 12. 0-0 Be6 13. b3 Rc8 14. Rac1 b6 15. Bxd4 exd4 16. Ne2 Rc5 17. Ng3 Qh4 18. Rc2 f5 19. exf5 gxf5 20. f4 Rf6 21. Qf2 Rh6 22. h3 Rg6 23. Kh2 1/2-1/2

[Event "CZE-chT2E 2223"]
[Site "Czech Republic"]
[Date "2023.02.05"]
[Round "8.5"]
[White "Rehurek, Lukas"]
[Black "Brazdil, Roman"]
[Result "1/2-1/2"]
[WhiteElo "2146"]
[BlackElo "2074"]
[PlyCount "36"]
[EventDate "2022.10.16"]
[EventType "team-tourn"]
[EventRounds "11"]
[EventCountry "CZE"]
[SourceTitle "EXT 2024"]
[Source "ChessBase"]
[SourceDate "2023.10.10"]
[SourceVersion "1"]
[SourceVersionDate "2023.10.10"]
[SourceQuality "1"]
[WhiteTeam "Orechov Orel"]
[BlackTeam "Kromeriz Slavia II"]
[WhiteTeamCountry "CZE"]
[BlackTeamCountry "CZE"]

1. e4 Nf6 2. e5 Nd5 3. d4 Nb6 4. f4 d6 5. Nf3 g6 6. Be2 Bg7 7. 0-0 0-0 8. c4 dxe5 9. Nxe5 N8d7 10. Nc3 Nxe5 11. dxe5 c6 12. Be3 Be6 13. b3 Qc7 14. Qe1 Rad8 15. Qg3 Bf5 16. Rad1 Rxd1 17. Nxd1 f6 18. exf6 exf6 1/2-1/2

[Event "CZE-ch Juniors FIDE op"]
[Site "Kouty nad Desnou"]
[Date "2020.03.11"]
[Round "6"]
[White "Zdechovsky, Tobias"]
[Black "Brazdil, Roman"]
[Result "1/2-1/2"]
[WhiteElo "1922"]
[BlackElo "2116"]
[PlyCount "65"]
[EventDate "2020.03.07"]
[EventType "swiss"]
[EventRounds "7"]
[EventCountry "CZE"]
[SourceTitle "CBM 195 Extra"]
[Source "ChessBase"]
[SourceDate "2020.05.31"]
[SourceVersion "1"]
[SourceVersionDate "2020.05.31"]
[SourceQuality "1"]

1. d4 Nf6 2. Bf4 d5 3. e3 Bf5 4. c4 c6 5. Qb3 Qb6 6. c5 Qxb3 7. axb3 a6 8. b4 Kd7 9. Nc3 Nh5 10. Na4 Nxf4 11. Nb6+ Kd8 12. Nxa8 Nd3+ 13. Bxd3 Bxd3 14. Nb6 Nd7 15. Nxd7 Kxd7 16. 0-0-0 Bb5 17. f3 g6 18. f4 e6 19. Kd2 Bg7 20. g4 h5 21. g5 Ke7 22. Nf3 Rd8 23. Rhg1 Rd7 24. Rg2 Rd8 25. Kc3 Rd7 26. Nd2 Kd8 27. Nb1 Kc7 28. Na3 Rd8 29. b3 Rd7 30. Kb2 Rd8 31. Rc2 Rc8 32. Ra1 Bd3 33. Rd2 1/2-1/2

[Event "CZE-chT2E 1920"]
[Site "Czech Republic"]
[Date "2020.01.26"]
[Round "7.4"]
[White "Kapusta, Petr"]
[Black "Brazdil, Roman"]
[Result "0-1"]
[WhiteElo "2141"]
[BlackElo "2079"]
[PlyCount "68"]
[EventDate "2019.10.13"]
[EventType "team-tourn"]
[EventRounds "11"]
[EventCountry "CZE"]
[SourceTitle "EXT 2024"]
[Source "ChessBase"]
[SourceDate "2023.10.10"]
[SourceVersion "1"]
[SourceVersionDate "2023.10.10"]
[SourceQuality "1"]
[WhiteTeam "Vlcnov"]
[BlackTeam "Kromeriz Slavia II"]
[WhiteTeamCountry "CZE"]
[BlackTeamCountry "CZE"]

1. e4 d5 2. exd5 Nf6 3. d4 Nxd5 4. c4 Nb6 5. Nc3 e5 6. dxe5 Qxd1+ 7. Kxd1 Be6 8. Be3 Nxc4 9. Bxc4 Bxc4 10. Ke1 Nc6 11. f4 Nb4 12. Kf2 0-0-0 13. Nge2 Nd3+ 14. Kf3 Nxb2 15. Rab1 Bxe2+ 16. Kxe2 Nc4 17. Nb5 Nxe3 18. Nxa7+ Kd7 19. Rxb7 Bc5 20. Re1 Bb6 21. Rxb6 cxb6 22. Kxe3 Ra8 23. Rd1+ Kc7 24. Nb5+ Kc6 25. Nd4+ Kb7 26. Nb5 Rhf8 27. Rc1 Rxa2 28. Rc7+ Kb8 29. Re7 Ra5 30. Nd6 Ra7 31. Rxa7 Kxa7 32. f5 Kb8 33. e6 fxe6 34. fxe6 Rf6 0-1

[Event "CZE-chT2E 1920"]
[Site "Czech Republic"]
[Date "2019.12.01"]
[Round "4.6"]
[White "Zpevakova, Jana"]
[Black "Brazdil, Roman"]
[Result "1/2-1/2"]
[WhiteElo "2109"]
[BlackElo "2079"]
[PlyCount "39"]
[EventDate "2019.10.13"]
[EventType "team-tourn"]
[EventRounds "11"]
[EventCountry "CZE"]
[SourceTitle "EXT 2024"]
[Source "ChessBase"]
[SourceDate "2023.10.10"]
[SourceVersion "1"]
[SourceVersionDate "2023.10.10"]
[SourceQuality "1"]
[WhiteTeam "Brno Lokomotiva"]
[BlackTeam "Kromeriz Slavia II"]
[WhiteTeamCountry "CZE"]
[BlackTeamCountry "CZE"]

1. d4 Nf6 2. c4 e6 3. Nf3 d5 4. Nc3 c6 5. Bg5 Nbd7 6. e3 Qa5 7. Nd2 Bb4 8. Qc2 0-0 9. Be2 dxc4 10. Bxf6 Nxf6 11. Nxc4 Bxc3+ 12. bxc3 Qc7 13. 0-0 b6 14. Ne5 Bb7 15. Bf3 c5 16. Bxb7 Qxb7 17. dxc5 bxc5 18. c4 Rfd8 19. Rab1 Qc7 20. Nf3 1/2-1/2

[Event "CZE-chT2E 1819"]
[Site "Czech Republic"]
[Date "2019.03.17"]
[Round "10.4"]
[White "Zatloukal, Petr"]
[Black "Brazdil, Roman"]
[Result "0-1"]
[WhiteElo "2054"]
[BlackElo "2062"]
[PlyCount "58"]
[EventDate "2018.10.14"]
[EventType "team-tourn"]
[EventRounds "11"]
[EventCountry "CZE"]
[SourceTitle "EXT 2022"]
[Source "ChessBase"]
[SourceDate "2021.10.06"]
[SourceVersion "1"]
[SourceVersionDate "2021.10.06"]
[SourceQuality "1"]
[WhiteTeam "Grygov"]
[BlackTeam "Kromeriz Slavia II"]
[WhiteTeamCountry "CZE"]
[BlackTeamCountry "CZE"]

1. e4 d5 2. exd5 Nf6 3. c4 c6 4. d4 cxd5 5. Nc3 e6 6. a3 Nc6 7. c5 Be7 8. Nf3 0-0 9. Bd3 b6 10. b4 bxc5 11. bxc5 e5 12. dxe5 Ng4 13. Nxd5 Ngxe5 14. Nxe5 Nxe5 15. Bxh7+ Kxh7 16. Qh5+ Kg8 17. Qxe5 Bxc5 18. 0-0 Re8 19. Qh5 Bd4 20. Rb1 Re5 21. Qxe5 Bxe5 22. Rd1 Be6 23. Bf4 Bxf4 24. Nxf4 Qf6 25. g3 Bg4 26. Rdc1 Rd8 27. Kg2 g5 28. Rb4 gxf4 29. Rxf4 Qe6 0-1

[Event "CZE-chT2E 1819"]
[Site "Czech Republic"]
[Date "2019.01.13"]
[Round "6.4"]
[White "Parak, Dominik"]
[Black "Brazdil, Roman"]
[Result "1-0"]
[WhiteElo "2090"]
[BlackElo "2062"]
[PlyCount "45"]
[EventDate "2018.10.14"]
[EventType "team-tourn"]
[EventRounds "11"]
[EventCountry "CZE"]
[SourceTitle "EXT 2022"]
[Source "ChessBase"]
[SourceDate "2021.10.06"]
[SourceVersion "1"]
[SourceVersionDate "2021.10.06"]
[SourceQuality "1"]
[WhiteTeam "Vsetin"]
[BlackTeam "Kromeriz Slavia II"]
[WhiteTeamCountry "CZE"]
[BlackTeamCountry "CZE"]

1. e4 d5 2. exd5 Nf6 3. d4 Nxd5 4. c4 Nb6 5. Nc3 e5 6. dxe5 Qxd1+ 7. Kxd1 Be6 8. b3 Nc6 9. f4 0-0-0+ 10. Kc2 Bf5+ 11. Kb2 Nd4 12. a3 h5 13. Nf3 Nxf3 14. gxf3 Bc5 15. Be2 Bd3 16. Rf1 h4 17. Bxd3 Rxd3 18. Kc2 Rhd8 19. Ne4 Be3 20. Nd6+ R3xd6 21. exd6 Bd4 22. dxc7 Kxc7 23. Ra2 1-0

[Event "Stare Mesto op"]
[Site "Stare Mesto"]
[Date "2018.08.26"]
[Round "9"]
[White "Trcalek, David"]
[Black "Brazdil, Roman"]
[Result "0-1"]
[WhiteElo "1686"]
[BlackElo "2079"]
[PlyCount "110"]
[EventDate "2018.08.18"]
[EventType "swiss"]
[EventRounds "9"]
[EventCountry "CZE"]
[SourceTitle "CBM 186 Extra"]
[Source "ChessBase"]
[SourceDate "2018.08.24"]
[SourceVersion "1"]
[SourceVersionDate "2018.08.24"]
[SourceQuality "1"]

1. e4 Nf6 2. e5 Nd5 3. d4 Nb6 4. Nf3 d6 5. a4 a5 6. Bb5+ Bd7 7. e6 Bxb5 8. exf7+ Kxf7 9. axb5 h6 10. Nh4 N8d7 11. Qd3 Kg8 12. 0-0 Qe8 13. c4 Qf7 14. Ng6 Rh7 15. b3 a4 16. Nd2 e5 17. f4 exd4 18. f5 Ne5 19. Qg3 Nbd7 20. Bb2 Be7 21. Ne4 Nf6 22. Nxe7+ Qxe7 23. Nxf6+ Qxf6 24. Bxd4 Re8 25. Rxa4 h5 26. Ra2 h4 27. Qc3 Rh5 28. Bxe5 Rxe5 29. Raf2 b6 30. Qf3 Rg5 31. Qa8+ Kh7 32. Rf4 Rgxf5 33. Qf3 Rxf4 34. Qxf4 Qe7 35. Qf3 Qg5 36. Qd3+ Kg8 37. Qf3 Kh7 38. Qf4 Qe7 39. Qf7 Qg5 40. Qf4 Qxf4 41. Rxf4 Re3 42. Rxh4+ Kg6 43. Rh3 Rxh3 44. gxh3 Kh5 45. Kf2 Kh4 46. Kg2 g6 47. b4 g5 48. Kf3 Kxh3 49. Ke4 Kxh2 50. Kf5 Kg3 51. Kxg5 Kf3 52. Kf5 Ke3 53. c5 dxc5 54. bxc5 bxc5 55. Ke5 c4 0-1

[Event "Stare Mesto op"]
[Site "Stare Mesto"]
[Date "2018.08.22"]
[Round "5"]
[White "Skalka, Jan"]
[Black "Brazdil, Roman"]
[Result "0-1"]
[WhiteElo "1930"]
[BlackElo "2079"]
[PlyCount "96"]
[EventDate "2018.08.18"]
[EventType "swiss"]
[EventRounds "9"]
[EventCountry "CZE"]
[SourceTitle "CBM 186 Extra"]
[Source "ChessBase"]
[SourceDate "2018.08.24"]
[SourceVersion "1"]
[SourceVersionDate "2018.08.24"]
[SourceQuality "1"]

1. e4 Nf6 2. Nc3 d5 3. exd5 Nxd5 4. Bc4 c6 5. Qf3 e6 6. Nge2 Bd6 7. d4 0-0 8. 0-0 Nd7 9. Ne4 Be7 10. Re1 e5 11. N4c3 Nxc3 12. bxc3 exd4 13. cxd4 Nf6 14. h3 Re8 15. Bg5 h6 16. Bf4 Nd5 17. Bxd5 Qxd5 18. Qxd5 cxd5 19. Nc3 Be6 20. Nb5 Rac8 21. Nc7 Red8 22. Nxe6 fxe6 23. Rxe6 Bf6 24. Be5 Bxe5 25. Rxe5 Rxc2 26. Re7 Rf8 27. f3 Rf7 28. Re8+ Kh7 29. Rd8 Re7 30. Kh2 Ree2 31. Rg1 Rxa2 32. Rxd5 Red2 33. Rd7 Rab2 34. Rd8 a5 35. Kg3 a4 36. Kf4 a3 37. Ke5 a2 38. Ra8 b5 39. d5 b4 40. Rc1 Rbc2 41. Rxc2 Rxc2 42. d6 b3 43. d7 Rd2 44. Ke6 Rxd7 45. Kxd7 b2 46. Rxa2 b1Q 47. Rd2 Qb4 48. Rd6 Qb2 0-1

[Event "Stare Mesto op"]
[Site "Stare Mesto"]
[Date "2018.08.19"]
[Round "2"]
[White "Brazdil, Roman"]
[Black "Nytra, Ondrej"]
[Result "1-0"]
[WhiteElo "2079"]
[BlackElo "1824"]
[PlyCount "71"]
[EventDate "2018.08.18"]
[EventType "swiss"]
[EventRounds "9"]
[EventCountry "CZE"]
[SourceTitle "CBM 186 Extra"]
[Source "ChessBase"]
[SourceDate "2018.08.24"]
[SourceVersion "1"]
[SourceVersionDate "2018.08.24"]
[SourceQuality "1"]

1. e4 e5 2. Nf3 Nc6 3. Bb5 a6 4. Ba4 Nf6 5. 0-0 Be7 6. Re1 b5 7. Bb3 0-0 8. a4 b4 9. d3 Re8 10. c3 Bf8 11. Ng5 Re7 12. cxb4 h6 13. Nf3 Nxb4 14. d4 exd4 15. e5 Nfd5 16. Nxd4 Bb7 17. Nf5 Re6 18. Nc3 Nxc3 19. bxc3 Rg6 20. g3 Nc6 21. Qh5 Re6 22. Bxe6 dxe6 23. Ne3 Bc5 24. Rd1 Qe8 25. Rb1 Rb8 26. Ng4 Nb4 27. Nf6+ gxf6 28. Bxh6 Be4 29. cxb4 Bg6 30. Qh4 Be7 31. exf6 Bd6 32. Bg7 Bh7 33. Qg5 Bg6 34. Rd4 Bf8 35. Qh6 Bh7 36. Rh4 1-0

[Event "CZE-chT2E 1617"]
[Site "Czech Republic"]
[Date "2016.12.11"]
[Round "5.4"]
[White "Brazdil, Roman"]
[Black "Malcanek, Jan"]
[Result "1/2-1/2"]
[WhiteElo "2131"]
[BlackElo "2052"]
[PlyCount "43"]
[EventDate "2016.09.10"]
[EventType "team-tourn"]
[EventRounds "11"]
[EventCountry "CZE"]
[SourceTitle "EXT 2022"]
[Source "ChessBase"]
[SourceDate "2021.10.06"]
[SourceVersion "1"]
[SourceVersionDate "2021.10.06"]
[SourceQuality "1"]
[WhiteTeam "Kromeriz Slavia II"]
[BlackTeam "Hostalkova"]
[WhiteTeamCountry "CZE"]
[BlackTeamCountry "CZE"]

1. e4 c5 2. Nf3 Nc6 3. d4 cxd4 4. Nxd4 Qb6 5. Nb3 Nf6 6. Nc3 e6 7. Be3 Qc7 8. a3 Be7 9. Be2 a6 10. f4 d6 11. 0-0 0-0 12. Bf3 Rb8 13. Qd2 b5 14. Qf2 Re8 15. Rad1 b4 16. axb4 Rxb4 17. e5 Nd7 18. exd6 Bxd6 19. g3 a5 20. f5 Nde5 21. fxe6 Bxe6 22. Rxd6 1/2-1/2

[Event "CZE-chT2E 1617"]
[Site "Czech Republic"]
[Date "2016.11.27"]
[Round "4.3"]
[White "Brazdil, Roman"]
[Black "Rozumek, Vlastimil"]
[Result "0-1"]
[WhiteElo "2131"]
[BlackElo "2062"]
[PlyCount "62"]
[EventDate "2016.09.10"]
[EventType "team-tourn"]
[EventRounds "11"]
[EventCountry "CZE"]
[SourceTitle "EXT 2022"]
[Source "ChessBase"]
[SourceDate "2021.10.06"]
[SourceVersion "1"]
[SourceVersionDate "2021.10.06"]
[SourceQuality "1"]
[WhiteTeam "Kromeriz Slavia II"]
[BlackTeam "Vyskov"]
[WhiteTeamCountry "CZE"]
[BlackTeamCountry "CZE"]

1. e4 d6 2. d4 Nf6 3. Nc3 c6 4. f3 Nbd7 5. Be3 e5 6. Bc4 b5 7. Bb3 a5 8. d5 b4 9. dxc6 bxc3 10. cxd7+ Bxd7 11. bxc3 Qc7 12. Ne2 a4 13. Bd5 Nxd5 14. Qxd5 Ra5 15. Qd2 Be7 16. 0-0 0-0 17. Rab1 Rb5 18. Rb4 Rxb4 19. cxb4 Rc8 20. c3 a3 21. Rc1 Qc4 22. Rc2 Ba4 23. Rc1 Bd7 24. Kf2 Be6 25. Rb1 d5 26. exd5 Bxd5 27. Rd1 Be6 28. Rc1 g6 29. Rc2 Bxb4 30. Ng3 f5 31. Bh6 Bxc3 0-1

[Event "CZE-chT2F 1516"]
[Site "Czech Republic"]
[Date "2016.01.24"]
[Round "6.21"]
[White "Nedela, Vlastimil"]
[Black "Brazdil, Roman"]
[Result "1-0"]
[WhiteElo "2329"]
[BlackElo "2157"]
[PlyCount "83"]
[EventDate "2015.10.18"]
[EventType "team-tourn"]
[EventRounds "11"]
[EventCountry "CZE"]
[SourceTitle "EXT 2022"]
[Source "ChessBase"]
[SourceDate "2021.10.06"]
[SourceVersion "1"]
[SourceVersionDate "2021.10.06"]
[SourceQuality "1"]
[WhiteTeam "Havirov Slovan"]
[BlackTeam "Postoupky"]
[WhiteTeamCountry "CZE"]
[BlackTeamCountry "CZE"]

1. c4 Nf6 2. g3 c5 3. Bg2 Nc6 4. Nc3 d6 5. d3 g6 6. e4 Bg7 7. Nge2 0-0 8. 0-0 Nd4 9. Rb1 e5 10. a3 b6 11. b4 Be6 12. h3 Rb8 13. Kh2 h6 14. f4 Bd7 15. Bd2 Kh7 16. Nxd4 cxd4 17. Ne2 Ng8 18. f5 g5 19. b5 f6 20. Bf3 Ne7 21. Bh5 Ra8 22. Bb4 Qc7 23. a4 a5 24. Ba3 Be8 25. Ng1 Nc8 26. Bxe8 Rxe8 27. h4 Qf7 28. Nh3 Rh8 29. Rb2 Ra7 30. Rh1 gxh4 31. gxh4 Rg8 32. Rg1 Bf8 33. Rbg2 Rxg2+ 34. Rxg2 Qe8 35. Rg6 Qd8 36. Qh5 Bg7 37. Bc1 Qf8 38. Bxh6 Bxh6 39. Ng5+ fxg5 40. hxg5 Kh8 41. Rxh6+ Qxh6 42. gxh6 1-0

[Event "CZE-chT2F 1516"]
[Site "Czech Republic"]
[Date "2015.10.18"]
[Round "1.51"]
[White "Mudrak, Josef"]
[Black "Brazdil, Roman"]
[Result "1-0"]
[WhiteElo "2298"]
[BlackElo "2157"]
[PlyCount "77"]
[EventDate "2015.10.18"]
[EventType "team-tourn"]
[EventRounds "11"]
[EventCountry "CZE"]
[SourceTitle "EXT 2022"]
[Source "ChessBase"]
[SourceDate "2021.10.06"]
[SourceVersion "1"]
[SourceVersionDate "2021.10.06"]
[SourceQuality "1"]
[WhiteTeam "Hostalkova"]
[BlackTeam "Postoupky"]
[WhiteTeamCountry "CZE"]
[BlackTeamCountry "CZE"]

1. d4 Nf6 2. Nf3 d5 3. Bf4 Bf5 4. e3 c6 5. h3 e6 6. Be2 Bd6 7. Bxd6 Qxd6 8. 0-0 Nbd7 9. c4 0-0 10. c5 Qc7 11. Nc3 e5 12. dxe5 Nxe5 13. Qd4 Nxf3+ 14. Bxf3 Rfe8 15. b4 a6 16. Rfd1 Ne4 17. Bxe4 Bxe4 18. Rd2 h6 19. Rb2 Qe7 20. f3 Bf5 21. Re1 Rad8 22. Kf2 Be6 23. a4 Rc8 24. Qf4 a5 25. Qd4 axb4 26. Rxb4 Rc7 27. Rc1 Bc8 28. Ne2 Qg5 29. Qf4 Rce7 30. Qxg5 hxg5 31. Rc3 f6 32. Nd4 Kf7 33. a5 g6 34. a6 bxa6 35. Nxc6 Rc7 36. Rb6 Bd7 37. Nb4 a5 38. Nxd5 Ra7 39. Nxf6 1-0

[Event "Stare Mesto op"]
[Site "Stare Mesto"]
[Date "2015.08.22"]
[Round "10"]
[White "Kubos, Rostislav"]
[Black "Brazdil, Roman"]
[Result "1/2-1/2"]
[WhiteElo "2172"]
[BlackElo "2136"]
[PlyCount "102"]
[EventDate "2015.08.14"]
[EventType "swiss"]
[EventRounds "10"]
[EventCountry "CZE"]
[SourceTitle "EXT 2016"]
[Source "ChessBase"]
[SourceDate "2015.10.08"]
[SourceVersion "1"]
[SourceVersionDate "2015.10.08"]
[SourceQuality "1"]

1. c4 Nf6 2. Nc3 c5 3. g3 Nc6 4. Bg2 d6 5. Nf3 Bd7 6. 0-0 g6 7. a3 Bg7 8. Rb1 a5 9. d3 0-0 10. Ne1 Rb8 11. Nc2 Na7 12. b4 axb4 13. axb4 cxb4 14. Nxb4 Ng4 15. Bd2 b5 16. h3 Nh6 17. Ra1 bxc4 18. Rxa7 Rxb4 19. Nd5 Rb8 20. Ba5 Qe8 21. Bc7 Rb2 22. Ra8 Qxa8 23. Nxe7+ Kh8 24. Bxa8 Rxa8 25. dxc4 Bxh3 26. Re1 Be6 27. Qd3 Nf5 28. Nxf5 Bxf5 29. Qd5 Rc8 30. Bxd6 Be6 31. Qa5 Rc2 32. Be5 R2xc4 33. Rd1 Bxe5 34. Qxe5+ Kg8 35. f3 Rc1 36. Rxc1 Rxc1+ 37. Kf2 Rc2 38. Qe4 Rc4 39. Qd3 Ra4 40. g4 Ra8 41. Kg3 Re8 42. e4 Rb8 43. Qd6 Rc8 44. Kf4 h6 45. Ke5 Kg7 46. Qd4 Re8 47. Kd6+ Kg8 48. Qe5 g5 49. Qb5 Kf8 50. Qb2 Kg8 51. Qh2 Bxg4 1/2-1/2

[Event "Stare Mesto op"]
[Site "Stare Mesto"]
[Date "2015.08.14"]
[Round "1"]
[White "Nytra, Ondrej"]
[Black "Brazdil, Roman"]
[Result "0-1"]
[WhiteElo "1669"]
[BlackElo "2136"]
[PlyCount "88"]
[EventDate "2015.08.14"]
[EventType "swiss"]
[EventRounds "10"]
[EventCountry "CZE"]
[SourceTitle "EXT 2016"]
[Source "ChessBase"]
[SourceDate "2015.10.08"]
[SourceVersion "1"]
[SourceVersionDate "2015.10.08"]
[SourceQuality "1"]

1. e4 Nf6 2. e5 Nd5 3. c4 Nb6 4. c5 Nd5 5. Bc4 e6 6. d4 d6 7. cxd6 cxd6 8. Bxd5 exd5 9. Nf3 Be7 10. Nc3 dxe5 11. dxe5 Be6 12. 0-0 Nc6 13. Be3 0-0 14. Rc1 Qd7 15. Qd2 Rfd8 16. Rfd1 Bb4 17. Bd4 Bg4 18. Qf4 Rac8 19. Qg3 Nxd4 20. Rxd4 Bxc3 21. bxc3 Bxf3 22. Qxf3 Qe7 23. Rxd5 Rxd5 24. Qxd5 Rc5 25. Qd2 Rxe5 26. Kf1 g6 27. Rb1 Qc7 28. Qd4 b6 29. Rd1 h5 30. Rd3 Qe7 31. Rd1 Qc5 32. Qd8+ Kg7 33. Qd3 Rf5 34. Rd2 Qa3 35. Qd4+ Kh7 36. Rc2 Qc5 37. Qd3 Rd5 38. Qe2 Qd6 39. Qf3 Rf5 40. Qe2 Qxh2 41. f3 Re5 42. Qd2 h4 43. c4 Rf5 44. Qb4 h3 0-1

[Event "CZE-chT2E 1415"]
[Site "Czech Republic"]
[Date "2015.03.29"]
[Round "10.3"]
[White "Brazdil, Roman"]
[Black "Belik, Dalibor"]
[Result "0-1"]
[WhiteElo "2119"]
[BlackElo "2310"]
[PlyCount "56"]
[EventDate "2014.11.02"]
[EventType "team-tourn"]
[EventRounds "11"]
[EventCountry "CZE"]
[SourceTitle "EXT 2022"]
[Source "ChessBase"]
[SourceDate "2021.10.06"]
[SourceVersion "1"]
[SourceVersionDate "2021.10.06"]
[SourceQuality "1"]
[WhiteTeam "Postoupky"]
[BlackTeam "Lipovec Garde"]
[WhiteTeamCountry "CZE"]
[BlackTeamCountry "CZE"]

1. e4 e5 2. Nf3 Nc6 3. Bb5 a6 4. Ba4 d6 5. 0-0 Bg4 6. c3 Qf6 7. d3 Nge7 8. Be3 Bxf3 9. Qxf3 Qxf3 10. gxf3 g5 11. Nd2 0-0-0 12. Bb3 d5 13. d4 exd4 14. cxd4 f5 15. exd5 Nxd5 16. Bxd5 Rxd5 17. Nb3 f4 18. Bd2 Bg7 19. Bc3 Nxd4 20. Nxd4 Bxd4 21. Rac1 Bxc3 22. Rxc3 Rd2 23. Rfc1 c6 24. R1c2 Rd1+ 25. Kg2 Re8 26. Rc5 Ree1 27. Kh3 Rg1 28. Re2 Rd6 0-1

[Event "CZE-chT2E 1415"]
[Site "Czech Republic"]
[Date "2015.02.08"]
[Round "7.2"]
[White "Brazdil, Roman"]
[Black "Vyskocil, Neklan"]
[Result "0-1"]
[WhiteElo "2119"]
[BlackElo "2422"]
[PlyCount "158"]
[EventDate "2014.11.02"]
[EventType "team-tourn"]
[EventRounds "11"]
[EventCountry "CZE"]
[SourceTitle "EXT 2022"]
[Source "ChessBase"]
[SourceDate "2021.10.06"]
[SourceVersion "1"]
[SourceVersionDate "2021.10.06"]
[SourceQuality "1"]
[WhiteTeam "Postoupky"]
[BlackTeam "Brno Moravska Slavia"]
[WhiteTeamCountry "CZE"]
[BlackTeamCountry "CZE"]

1. e4 c5 2. Nf3 e6 3. c4 Nc6 4. d4 cxd4 5. Nxd4 Nf6 6. Nc3 d6 7. Be3 Be7 8. Be2 0-0 9. 0-0 Bd7 10. Rc1 a6 11. Qd2 Rc8 12. b3 Kh8 13. Rfd1 Qa5 14. f4 Rfd8 15. Bf3 Nxd4 16. Bxd4 Bc6 17. Qf2 Nd7 18. Qb2 Bf6 19. Be3 b5 20. b4 Qc7 21. cxb5 axb5 22. Qe2 Qb8 23. Kh1 Nf8 24. Bd4 Bxd4 25. Rxd4 Ng6 26. g3 e5 27. fxe5 Nxe5 28. Nd5 Bxd5 29. Rxc8 Rxc8 30. Rxd5 Rc4 31. a3 g6 32. Bg2 Qc7 33. h3 Rc3 34. Rxb5 Rxg3 35. Qf2 Rxa3 36. Qf6+ Kg8 37. Rd5 Ra6 38. Rd1 Rb6 39. Ra1 Rxb4 40. Ra6 Rb1+ 41. Kh2 d5 42. Rd6 Nc4 43. Qd8+ Qxd8 44. Rxd8+ Kg7 45. exd5 Rb6 46. Rc8 Ne3 47. Bf3 Rd6 48. Rc3 Nf5 49. Be4 Ne7 50. Rd3 f5 51. Bf3 Kf6 52. Kg3 g5 53. Bg2 h5 54. Bf3 h4+ 55. Kf2 Ng6 56. Rc3 Nf4 57. Rc6 Ke5 58. Ke3 Nxd5+ 59. Bxd5 Kxd5 60. Rc8 Ra6 61. Kf3 Ra3+ 62. Kg2 Ra2+ 63. Kh1 Ke5 64. Rc5+ Ke4 65. Rc4+ Kd5 66. Rb4 Re2 67. Ra4 Ke5 68. Ra8 Kf4 69. Rg8 g4 70. hxg4 fxg4 71. Rf8+ Kg3 72. Rf1 Kh3 73. Ra1 Re3 74. Rb1 g3 75. Kg1 Kg4 76. Ra1 h3 77. Ra4+ Kf3 78. Ra1 Rd3 79. Rf1+ Ke2 0-1